00810nam a2200193 a 450000100100000000500170001000800410002704000250006824500520009326000360014530000270018149000150020850001860022371000540040983000220046304900090048595201050049499900170059900003065820200930062432.0110525s1998 dr 000 0 spa d aDO-SdBNPbspacBNPHU00a¿Nivel tipo A? ¿ caballete? ¿ qué es esto? aSanto Domingo :bFUDECO,c1998. a20 p. :bil. ;c28 cm.1 aFolletov3 aInformaciones para quienes quieren saber algo sobre la construcción y el uso de los instrumentos de medida más simples que se usan para realizar obras de conservación de suelo2 aFundación para el Desarrollo Comunitario957246 0aFolletov2955058 aBNPD 0010718PDaPDbPDcCTd2011-05-25iLF1l0o p30658-10r2020-06-25w2020-06-25yLFPDZNo se presta c30150d30150